Pokédex de Johto (HGSS) - Statistiques

Statistiques générales
  • Ce quiz a été pris 222 fois
  • Le résultat moyen est 212 sur 256
Statistiques - réponses
Numéro Pokémon % Correct
009 Aligatueur
99%
005 Feurisson
99%
007 Kaiminus
99%
004 Héricendre
98%
003 Méganium
98%
008 Crocrodil
96%
001 Germignon
96%
002 Macronium
96%
243 Raikou
96%
006 Typhlosion
96%
244 Entei
95%
012 Roucarnage
95%
010 Roucool
95%
011 Roucoups
95%
245 Suicune
95%
156 Élekid
94%
253 Ho-Oh
94%
252 Lugia
94%
063 Steelix
94%
015 Hoothoot
93%
152 Magby
93%
013 Piafabec
93%
256 Celebi
91%
060 Ectoplasma
91%
058 Fantominus
91%
020 Fouinar
91%
019 Fouinette
91%
111 Insécateur
91%
255 Mew
91%
032 Mimigal
91%
246 Minidraco
91%
189 Noctali
91%
039 Nostenfer
91%
062 Onix
91%
059 Spectrum
91%
050 Abo
90%
051 Arbok
90%
027 Aspicot
90%
024 Chenipan
90%
025 Chrysacier
90%
112 Cizayox
90%
247 Draco
90%
157 Élektek
90%
153 Magmar
90%
188 Mentali
90%
254 Mewtwo
90%
033 Migalos
90%
016 Noarfang
90%
026 Papilusion
90%
021 Pichu
90%
034 Racaillou
90%
014 Rapasdepic
90%
017 Rattata
90%
018 Rattatac
90%
185 Aquali
89%
130 Arcanin
89%
028 Coconfort
89%
029 Dardargnan
89%
249 Embrylex
89%
184 Évoli
89%
035 Gravalanch
89%
036 Grolem
89%
037 Nosferapti
89%
022 Pikachu
89%
074 Tartard
89%
064 Chétiflor
88%
248 Dracolosse
88%
066 Empiflor
88%
086 Joliflor
88%
154 Lippouti
88%
040 Mélo
88%
083 Mystherbe
88%
038 Nosferalto
88%
084 Ortide
88%
187 Pyroli
88%
085 Rafflesia
88%
023 Raichu
88%
114 Scarhino
88%
251 Tyranocif
88%
186 Voltali
88%
065 Boustiflor
86%
129 Caninos
86%
030 Coxy
86%
031 Coxyclaque
86%
128 Feunard
86%
148 Kapoera
86%
146 Kicklee
86%
054 Lainergie
86%
120 Magnéton
86%
195 Marcacrin
86%
055 Pharamp
86%
072 Ptitard
86%
113 Scarabrute
86%
242 Sulfura
86%
117 Tadmorv
86%
073 Têtarte
86%
250 Ymphect
86%
089 Abra
85%
091 Alakazam
85%
240 Artikodin
85%
196 Cochignon
85%
145 Débugant
85%
241 Électhor
85%
127 Goupix
85%
118 Grotadmorv
85%
090 Kadabra
85%
077 Léviator
85%
076 Magicarpe
85%
119 Magnéti
85%
214 Malosse
85%
100 Nidoking
85%
097 Nidoqueen
85%
095 Nidoran♀
85%
098 Nidoran♂
85%
220 Porygon
85%
115 Smogo
85%
075 Tarpaud
85%
164 Tentacool
85%
147 Tygnon
85%
053 Wattouat
85%
061 Zarbi
85%
215 Démolosse
84%
045 Grodoudou
84%
155 Lippoutou
84%
042 Mélodelfe
84%
041 Mélofée
84%
096 Nidorina
84%
099 Nidorino
84%
082 Roigada
84%
048 Sabelette
84%
049 Sablaireau
84%
107 Simularbre
84%
116 Smogogo
84%
081 Flagadoss
83%
192 Hyporoi
83%
142 Machoc
83%
221 Porygon 2
83%
080 Ramoloss
83%
235 Reptincel
83%
044 Rondoudou
83%
234 Salamèche
83%
165 Tentacruel
83%
046 Togepi
83%
047 Togetic
83%
043 Toudoudou
83%
231 Bulbizarre
81%
238 Carabaffe
81%
237 Carapuce
81%
236 Dracaufeu
81%
122 Électrode
81%
218 Farfuret
81%
219 Feuforêve
81%
233 Florizarre
81%
207 Galopa
81%
067 Granivol
81%
232 Herbizarre
81%
190 Hypotrempe
81%
143 Machopeur
81%
144 Mackogneur
81%
109 Mimitoss
81%
070 Paras
81%
071 Parasect
81%
078 Poissirène
81%
079 Poissoroy
81%
206 Ponyta
81%
087 Soporifik
81%
150 Tauros
81%
239 Tortank
81%
121 Voltorbe
81%
203 Airmure
80%
056 Axoloto
80%
131 Cerfrousse
80%
069 Cotovol
80%
136 Férosinge
80%
068 Floravol
80%
191 Hypocéan
80%
057 Maraiste
80%
138 Miaouss
80%
178 Otaria
80%
110 Aéromite
79%
141 Akwakwak
79%
123 Capumain
79%
137 Colossinge
79%
213 Cornèbre
79%
094 Foretress
79%
104 Héliatronc
79%
088 Hypnomade
79%
171 Kokiyas
79%
179 Lamantine
79%
161 Natu
79%
139 Persian
79%
093 Pomdepik
79%
229 Ptéra
79%
193 Scorplane
79%
162 Xatu
79%
226 Amonistar
78%
225 Amonita
78%
172 Crustabri
78%
227 Kabuto
78%
222 Leveinard
78%
208 Osselait
78%
140 Psykokwak
78%
103 Tournegrin
78%
101 Yanma
78%
204 Doduo
76%
151 Écrémeuh
76%
149 Girafarig
76%
228 Kabutops
76%
224 Lokhlass
76%
105 Noeunoeuf
76%
175 Octillery
76%
209 Ossatueur
76%
174 Rémoraid
76%
169 Stari
76%
160 Canarticho
75%
168 Caratroc
75%
173 Corayon
75%
201 Donphan
75%
210 Kangourex
75%
223 Leuphorie
75%
092 Métamorph
75%
106 Noadkoko
75%
200 Phanpy
75%
211 Rhinocorne
75%
230 Ronflex
75%
170 Staross
75%
202 Démanta
74%
052 Insolourdo
74%
163 Qwilfish
74%
212 Rhinoféros
74%
182 Saquedeneu
74%
134 Taupiqueur
74%
217 Volcaropod
74%
205 Dodrio
73%
177 Lanturn
73%
176 Loupio
73%
198 Teddiursa
73%
133 Azumarill
71%
216 Limagma
71%
132 Marill
71%
158 M.Mime
71%
135 Triopikeur
71%
199 Ursaring
71%
194 Cadoizo
70%
125 Snubbull
69%
180 Excelangue
68%
126 Granbull
68%
166 Krabby
68%
167 Krabboss
66%
124 Capidextre
65%
197 Mammochon
65%
108 Qulbutoké
65%
159 Queulorior
63%
102 Yanmega
61%
183 Bouldeneu
54%
181 Coudlangue
50%
Aucun quiz correspondant
Distribution des résultats
% des personnes avec chaque résultat
Percentile par nombre de réponses
Votre historique - résultats
Vous n’avez pas pris ce quiz